[Event "Let's Play -14"]
[Site "http://www.queenalice.com/game.php?id=1633346"]
[Date "2020.11.18"]
[Round "-"]
[White "rferraz"]
[Black "Rider"]
[Result "1-0"]
[WhiteElo "1676"]
[BlackElo "1598"]

1. d4 d6 2. c4 Bf5 3. Nc3 c6 4. e3 e5 5. dxe5 dxe5 6. Qxd8+ Kxd8 7. e4 Bg6 8.
Nf3 f6 9. Be2 Nd7 10. O-O Kc7 11. Be3 b6 12. Rfd1 c5 13. Nh4 Bf7 14. Nd5+ Kb7
15. Bg4 Kc6 16. Bxd7+ Kb7 17. Nf5 Rd8 18. Nc3 Kc7 19. Nb5+ Kb8 20. Bc6 Rc8 21.
Nfd6 Rxc6 22. Nxf7 a6 23. Rd8+ Kb7 24. Nc3 Be7 25. Rd7+ Kc8 26. Rad1 Kb8 27. Nd5
h5 28. Nxh8 Kc8 29. Nxe7+ 1-0

[Event "Let's Play Chess!"]
[Site "http://www.queenalice.com/game.php?id=1633760"]
[Date "2020.11.21"]
[Round "-"]
[White "rferraz"]
[Black "alterego"]
[Result "1-0"]
[WhiteElo "1688"]
[BlackElo "1718"]

1. d4 d5 2. c4 Nf6 3. cxd5 Nxd5 4. e4 Nf6 5. Nc3 g6 6. Nf3 Bg7 7. Bc4 O-O 8. O-O
Nc6 9. e5 Ng4 10. Bf4 Bf5 11. Bd3 Bxd3 12. Qxd3 Nb4 13. Qe2 e6 14. h3 Nh6 15. a3
Nc6 16. Rfd1 Nf5 17. d5 exd5 18. Rxd5 Qe7 19. Rad1 Nd8 20. Bg5 f6 21. Qc4 c6 22.
Rd7+ Qf7 23. Rxf7 Nxf7 24. exf6 Bh8 25. Ne5 Rae8 26. Nxf7 Rxf7 27. g4 h6 28.
gxf5 gxf5 29. Rd7 Rf8 30. Bxh6 b5 31. Qe6 Kh7 32. Rxf7+ Rxf7 33. Qxf7+ Kxh6 34.
Qf8+ Kh7 35. f7 1-0

[Event "Let's Play Chess!"]
[Site "http://www.queenalice.com/game.php?id=1633761"]
[Date "2020.11.21"]
[Round "-"]
[White "Lucasbarbaruiva"]
[Black "rferraz"]
[Result "1/2-1/2"]
[WhiteElo "1675"]
[BlackElo "1689"]

1. d4 d5 2. e3 Nf6 3. g3 Bf5 4. Bg2 e6 5. Ne2 Be7 6. O-O O-O 7. b3 Nc6 8. Ba3
Bxa3 9. Nxa3 a6 10. c4 b6 11. cxd5 exd5 12. Nf4 Nb4 13. h3 Qd7 14. Qd2 a5 15.
Rac1 Ne4 16. Bxe4 Bxe4 17. Nb1 Rac8 18. a3 Nd3 19. Nxd3 Qxh3 20. f3 Qxg3+ 21.
Qg2 Qxg2+ 22. Kxg2 Bxd3 23. Nc3 Bxf1+ 24. Kxf1 c6 25. Na4 b5 26. Nb6 Rfd8 27.
Nxc8 Rxc8 28. Kf2 g5 29. Kg3 Kg7 30. Kg4 Kg6 31. f4 f5+ 32. Kg3 g4 33. Kh4 Kf6
34. Kh5 Ke6 35. Kh6 c5 36. Kxh7 g3 37. dxc5 g2 38. b4 Rc7+ 39. Kg6 axb4 40. axb4
d4 41. exd4 Kd5 42. Rg1 Kxd4 43. Rxg2 Kc4 44. Kxf5 Kxb4 45. Rc2 Rxc5+ 46. Rxc5
Kxc5 47. Ke6 b4 48. f5 b3 49. f6 b2 50. f7 b1=Q 51. f8=Q+ 1/2-1/2

[Event "Let's Play Chess!"]
[Site "http://www.queenalice.com/game.php?id=1634405"]
[Date "2020.11.27"]
[Round "-"]
[White "rferraz"]
[Black "PatricioKM"]
[Result "0-1"]
[WhiteElo "1686"]
[BlackElo "1644"]

1. d4 d5 2. c4 c6 3. Nf3 e6 4. e3 Nf6 5. Bd3 Nbd7 6. Nbd2 Bb4 7. O-O O-O 8. a3
Ba5 9. e4 Bxd2 10. exd5 Bxc1 11. Rxc1 exd5 12. c5 b6 13. b4 Qc7 14. Re1 Qf4 15.
g3 Qc7 16. b5 bxc5 17. dxc5 Bb7 18. a4 cxb5 19. axb5 Nxc5 20. Nd4 Qb6 21. Nf5
Nxd3 22. Qxd3 Ne4 23. Ne7+ Kh8 24. Nxd5 Qxf2+ 0-1

[Event "Let's Play Chess!"]
[Site "http://www.queenalice.com/game.php?id=1634406"]
[Date "2020.11.27"]
[Round "-"]
[White "PatricioKM"]
[Black "rferraz"]
[Result "1-0"]
[WhiteElo "1625"]
[BlackElo "1705"]

1. e4 e5 2. Nf3 Nc6 3. d4 exd4 4. Nxd4 Bb4+ 5. c3 Bc5 6. Be3 Nf6 7. Nxc6 bxc6 8.
Bxc5 Nxe4 9. Bd4 O-O 10. Qg4 Nf6 11. Qg3 Qe7+ 12. Be3 d5 13. Bd3 g6 14. O-O Rb8
15. b4 Nh5 16. Qf3 Ra8 17. Bc5 1-0

[Event "Let's Play Chess!"]
[Site "http://www.queenalice.com/game.php?id=1634733"]
[Date "2020.11.29"]
[Round "-"]
[White "rferraz"]
[Black "askasl159"]
[Result "0-1"]
[WhiteElo "1642"]
[BlackElo "1589"]

1. d4 d5 2. c4 c6 3. Nf3 Bf5 4. cxd5 cxd5 5. Qb3 b6 6. e3 Nc6 7. Bb5 Qd6 8. Ne5
Bd7 9. e4 Nf6 10. Bxc6 Bxc6 11. Nc3 dxe4 12. Qxf7+ Kd8 13. Nxc6+ Qxc6 14. Qb3 h6
15. O-O Kc7 16. Bf4+ Kb7 17. Qb5 Rc8 18. Qxc6+ Rxc6 19. Rfc1 g5 20. Be5 Rh7 21.
Nb5 Nd5 22. Rxc6 Kxc6 23. Nxa7+ Kb7 24. Nb5 Bg7 25. Bxg7 Rxg7 26. Nc3 Nxc3 27.
bxc3 e6 28. Re1 Rc7 29. Re3 b5 30. Kf1 b4 31. cxb4 Rc4 32. Rxe4 Rxb4 33. Rxe6
Rxd4 34. Rxh6 g4 35. h3 Kc7 36. Rh4 Kd6 37. Rxg4 Rd2 38. a4 Ke6 39. h4 Kf5 40.
Rg5+ Kf4 41. g3+ Kf3 42. h5 Rd1# 0-1

[Event "Let's Play Chess!"]
[Site "http://www.queenalice.com/game.php?id=1634826"]
[Date "2020.11.30"]
[Round "-"]
[White "rferraz"]
[Black "Lucasbarbaruiva"]
[Result "1-0"]
[WhiteElo "1624"]
[BlackElo "1702"]

1. d4 d5 2. c4 dxc4 3. Nf3 e6 4. e3 Bb4+ 5. Bd2 Bxd2+ 6. Nfxd2 b5 7. b3 cxb3 8.
Bxb5+ Bd7 9. Bxd7+ Nxd7 10. Nxb3 Ngf6 11. O-O O-O 12. Nc5 Nxc5 13. dxc5 Qxd1 14.
Rxd1 c6 15. Nc3 Nd5 16. Nxd5 exd5 17. Rab1 Rfc8 18. Kf1 g6 19. g4 a5 20. Ke2 a4
21. Kf3 Kg7 22. Kf4 a3 23. Ke5 f6+ 24. Kd6 h5 25. Rb7+ Kh6 26. gxh5 gxh5 27.
Rdb1 Kg5 28. Rc7 Rxc7 29. Kxc7 Ra6 30. Rb6 Ra4 31. Kxc6 d4 32. exd4 Rxd4 33. Rb3
Rd2 34. Kb6 Rxa2 35. c6 Rxf2 36. c7 Rc2 37. Rxa3 f5 38. Kb7 Kg4 39. c8=Q Rxc8
40. Kxc8 f4 41. Ra2 h4 42. Kd7 Kf3 43. Ke6 Ke3 44. Kf5 f3 45. Kg4 f2 46. Rxf2
Kxf2 47. Kxh4 Kg2 48. h3 Kf3 49. Kg5 Kg3 50. h4 Kh3 51. h5 Kg3 52. h6 Kf3 53. h7
Ke4 54. h8=Q Kd5 55. Qc3 Ke4 56. Kf6 Kd5 57. Qb4 Kc6 58. Ke6 Kc7 59. Qb5 Kc8 60.
Kd6 Kd8 61. Qd7# 1-0

[Event "Let's Play Chess!"]
[Site "http://www.queenalice.com/game.php?id=1634827"]
[Date "2020.11.30"]
[Round "-"]
[White "Lucasbarbaruiva"]
[Black "rferraz"]
[Result "1-0"]
[WhiteElo "1672"]
[BlackElo "1659"]

1. d4 d5 2. e3 Nf6 3. g3 e6 4. Bh3 b6 5. Nf3 Bd6 6. O-O O-O 7. b3 Ba6 8. Ba3
Bxa3 9. Nxa3 Qe7 10. Qc1 Nc6 11. c4 Nb4 12. Nb5 Bxb5 13. cxb5 Nd3 14. Qc2 e5 15.
Qxd3 e4 16. Qe2 exf3 17. Qxf3 Qb4 18. Qe2 Ne4 19. Rac1 Qd2 20. Qxd2 Nxd2 21.
Rfe1 Nf3+ 22. Kf1 Nxe1 23. Kxe1 a6 24. Rxc7 axb5 25. Rc2 g6 26. Bd7 b4 27. Bc6
Rac8 28. Kd2 Rc7 29. Bxd5 Rxc2+ 30. Kxc2 Rc8+ 31. Kd2 Kf8 32. f4 Ke7 33. e4 f6
34. h4 Kd6 35. g4 Rf8 36. Ke3 h6 37. g5 h5 38. gxf6 1-0

[Event "Let's Play Chess!"]
[Site "http://www.queenalice.com/game.php?id=1635422"]
[Date "2020.12.5"]
[Round "-"]
[White "bobifixer"]
[Black "rferraz"]
[Result "1-0"]
[WhiteElo "2079"]
[BlackElo "1630"]

1. Nf3 Nf6 2. d4 d5 3. g3 e6 4. Bg2 Be7 5. O-O O-O 6. b3 b6 7. Bb2 Nc6 8. Nbd2
Bb7 9. a3 a5 10. c4 Ba6 11. cxd5 exd5 12. Re1 b5 13. Qc2 Qd7 14. Rac1 Bb7 15.
Ne5 Nxe5 16. dxe5 Ne8 17. Nf3 c5 18. e3 Nc7 19. Red1 Rfd8 20. Nd2 h6 21. Nf3 Ra7
22. Rd2 b4 23. axb4 axb4 24. Ra1 Rxa1+ 25. Bxa1 Ra8 26. Qd1 Qe6 27. h3 c4 28.
bxc4 dxc4 29. Nd4 Qd7 30. Bxb7 c3 31. Rc2 Ra7 32. Bg2 Qa4 33. Rc1 Qxd1+ 34. Rxd1
Rb7 35. Bxb7 1-0

[Event "Let's Play 427"]
[Site "http://www.queenalice.com/game.php?id=1635899"]
[Date "2020.12.9"]
[Round "-"]
[White "digger"]
[Black "rferraz"]
[Result "0-1"]
[WhiteElo "1557"]
[BlackElo "1643"]

1. d4 d5 2. e3 Nf6 3. c4 e6 4. cxd5 exd5 5. Bd2 Be7 6. Bb5+ Bd7 7. Bxd7+ Qxd7 8.
Nf3 O-O 9. Ne5 Qe6 10. O-O c5 11. Nd3 Na6 12. Re1 Nb4 13. Nxc5 Bxc5 14. dxc5 Nd3
15. Re2 Nxc5 16. Bb4 Qb6 17. a3 Rfc8 18. Nc3 a5 19. Bxc5 Qxc5 20. Rc1 Kf8 21.
Na2 Qd6 22. Rd2 Rc6 23. e4 Nxe4 24. Rxc6 bxc6 25. Re2 Nf6 26. Nc1 Re8 27. Rd2 c5
28. g3 c4 29. Rd4 Re4 30. Kg2 Rxd4 31. Qxd4 Qb8 32. Qd2 Qb6 33. h3 h5 34. Na2
Ne4 35. Qc2 Qb3 36. Qxb3 cxb3 37. Nc1 Ke7 38. Nxb3 Kd6 39. Nxa5 d4 40. Kf3 Kd5
41. b4 Ng5+ 42. Kg2 d3 43. h4 d2 44. f4 d1=Q 45. fxg5 Ke4 46. b5 Qe2+ 47. Kg1
Kf3 48. Nb3 Qg2# 0-1

[Event "Let's Play 428"]
[Site "http://www.queenalice.com/game.php?id=1635900"]
[Date "2020.12.9"]
[Round "-"]
[White "rferraz"]
[Black "digger"]
[Result "1-0"]
[WhiteElo "1656"]
[BlackElo "1544"]

1. d4 d5 2. c4 c6 3. Nf3 e6 4. e3 Nf6 5. Be2 b6 6. O-O Ba6 7. cxd5 Bxe2 8. Qxe2
Nxd5 9. Nc3 Nc7 10. b3 Nd7 11. e4 Bb4 12. Bd2 O-O 13. a3 Be7 14. b4 a6 15. Rfb1
Nf6 16. e5 Nfd5 17. Nxd5 cxd5 18. a4 b5 19. Rc1 f6 20. exf6 Bxf6 21. a5 Rc8 22.
Ra2 Ne8 23. Rac2 Nd6 24. Qxe6+ Kh8 25. Qxd5 h6 26. Rxc8 Nxc8 27. Qxd8 Rxd8 28.
Rc6 Ne7 29. Rxa6 Kh7 30. Rb6 Rd5 31. a6 Nc8 32. Rb8 Na7 33. Rb7 Nc6 34. Kf1 Rd8
35. Rxb5 Na7 36. Rb7 Ra8 37. b5 Nc8 38. Bf4 Bd8 39. Rb8 Rxb8 40. Bxb8 Bb6 41.
Ke2 g5 42. Kd3 Kg6 43. Ne5+ Kf5 44. Nc4 Bd8 45. a7 Nxa7 46. Bxa7 h5 47. b6 Bxb6
48. Bxb6 g4 49. d5 Kf6 50. d6 Ke6 51. Bc7 Kd7 52. f4 h4 53. f5 h3 54. g3 Ke8 55.
f6 Kf7 56. d7 Kxf6 57. d8=Q+ Ke6 58. Ne5 Kf5 59. Qd6 Kg5 60. Qg6# 1-0

[Event "AUTO-INT-3617"]
[Site "http://www.queenalice.com/game.php?id=1636940"]
[Date "2020.12.18"]
[Round "1"]
[White "APSHOOTER"]
[Black "rferraz"]
[Result "1-0"]
[WhiteElo "1618"]
[BlackElo "1647"]

1. e4 e5 2. Bc4 Nf6 3. d3 Bc5 4. h3 O-O 5. Nf3 b6 6. a3 Ba6 7. Nc3 Bxc4 8. dxc4
Nc6 9. Bg5 Nd4 10. Nd5 Be7 11. Nxe7+ Qxe7 12. Nxd4 exd4 13. Qxd4 Qxe4+ 14. Qxe4
Nxe4 15. Be3 Nd6 16. b3 Rfe8 17. O-O Ne4 18. Rad1 d6 19. Kh2 Re6 20. Bd4 Rae8
21. Be3 Nc3 22. Rd3 Ne2 23. Re1 Nf4 24. Rdd1 Ng6 25. b4 Ne5 26. c5 dxc5 27. Bf4
Ng6 28. Rxe6 Rxe6 29. Rd8+ Nf8 30. Bxc7 Re2 31. Bd6 h6 32. Bxf8 Rxc2 33. Bxc5+
Kh7 34. Be3 Ra2 35. Rd7 Rxa3 36. Rxf7 Kg6 37. Rf4 Ra4 38. g4 a5 39. Bxb6 Rxb4
40. Rxb4 axb4 41. Bd4 Kf7 42. f4 Ke6 43. Bxg7 Kd5 44. Bxh6 Kc4 45. f5 1-0

[Event "AUTO-INT-3617"]
[Site "http://www.queenalice.com/game.php?id=1636941"]
[Date "2020.12.18"]
[Round "1"]
[White "rferraz"]
[Black "APSHOOTER"]
[Result "0-1"]
[WhiteElo "1664"]
[BlackElo "1637"]

1. d4 d5 2. c4 Nf6 3. Nf3 Nc6 4. e3 Bg4 5. Be2 h6 6. O-O e6 7. b3 Bb4 8. Bd2 Ba3
9. Nxa3 Ne4 10. Ne5 Bxe2 11. Qxe2 Nxe5 12. dxe5 a6 13. f3 Nxd2 14. Qxd2 Qe7 15.
Qc1 dxc4 16. Nxc4 O-O-O 17. Rd1 Kb8 18. Rd2 Qb4 19. Qe1 Rd5 20. f4 Rxd2 21. Nxd2
Rd8 22. a3 Qxd2 23. Qxd2 Rxd2 24. Kf1 Rd3 25. Kf2 Rxb3 26. Kf3 f5 27. Ke2 g5 28.
fxg5 hxg5 29. Kf3 g4+ 30. Kf4 Rb2 31. Kg3 Re2 32. Rd1 Rxe3+ 33. Kh4 Rxa3 0-1

[Event "AUTO-INT-3617"]
[Site "http://www.queenalice.com/game.php?id=1636954"]
[Date "2020.12.18"]
[Round "1"]
[White "SamuraiJOM"]
[Black "rferraz"]
[Result "0-1"]
[WhiteElo "1693"]
[BlackElo "1628"]

1. e4 e5 2. Nf3 Nc6 3. Bc4 Nf6 4. c3 Bd6 5. d4 exd4 6. cxd4 Nxe4 7. O-O O-O 8.
Nbd2 Ng5 9. Re1 Nxf3+ 10. Nxf3 Be7 11. a3 d6 12. d5 Na5 13. Ba2 b6 14. b4 Nb7
15. Be3 Re8 16. Qc1 Bf5 17. Ng5 Bxg5 18. Bxg5 Rxe1+ 19. Qxe1 Qxg5 20. g3 Kf8 21.
Qc3 Rc8 22. Bb1 Bxb1 23. Rxb1 Qxd5 24. Qb3 Qxb3 25. Rxb3 c5 26. bxc5 dxc5 27. f4
c4 28. Rc3 Nd6 29. a4 Ne4 30. Re3 Nd2 31. Kf2 Nb1 32. Re5 c3 33. Re1 c2 34. Rc1
Na3 35. Ke2 Rd8 36. f5 Rd4 37. h4 Rb4 38. Kd2 Rb1 39. Rxc2 Nxc2 40. Kxc2 Rb4 41.
a5 bxa5 42. Kc3 Rg4 0-1

[Event "AUTO-INT-3617"]
[Site "http://www.queenalice.com/game.php?id=1636955"]
[Date "2020.12.18"]
[Round "1"]
[White "rferraz"]
[Black "SamuraiJOM"]
[Result "0-1"]
[WhiteElo "1647"]
[BlackElo "1688"]

1. d4 d5 2. c4 e6 3. Nf3 h6 4. e3 Nf6 5. Bd3 Bd6 6. O-O c5 7. Nc3 a6 8. dxc5
Bxc5 9. cxd5 exd5 10. a3 O-O 11. b4 Ba7 12. Ne2 Nc6 13. Ned4 Bd7 14. Nxc6 Bxc6
15. Bb2 Re8 16. Re1 Qc7 17. Be5 Qe7 18. e4 dxe4 19. Bxe4 Bxe4 20. Bxf6 Qxf6 21.
Rc1 Bc6 22. Rxe8+ Rxe8 23. Qb3 Bxf3 24. Qxf3 Qxf3 25. gxf3 Bd4 26. Kg2 Bb2 27.
Rc7 Rb8 28. a4 Be5 29. Re7 Bc3 30. Re4 Kf8 31. f4 Bd2 32. Kf3 f5 33. Rd4 Bc3 34.
Rc4 Bd2 35. h3 b6 36. b5 axb5 37. axb5 g5 38. Rc6 gxf4 39. Rxh6 Kg7 40. Rd6 Bb4
41. Rd4 Be7 42. Rxf4 Kg6 43. Rc4 Kg5 44. h4+ Kh5 45. Kg3 Rg8+ 46. Kh3 Rg4 47.
Rxg4 fxg4+ 48. Kg3 Bd6+ 49. Kg2 Kxh4 50. f3 g3 0-1

[Event "AUTO-INT-3617"]
[Site "http://www.queenalice.com/game.php?id=1636964"]
[Date "2020.12.18"]
[Round "1"]
[White "rferraz"]
[Black "ungern"]
[Result "1-0"]
[WhiteElo "1649"]
[BlackElo "1614"]

1. e4 e5 2. Nf3 Nc6 3. Bc4 Nf6 4. d3 d6 5. O-O Be7 6. a3 O-O 7. Nc3 Bg4 8. h3
Bxf3 9. Qxf3 Qd7 10. Nd5 Nxd5 11. exd5 Nd4 12. Qd1 c5 13. c3 Nf5 14. b4 cxb4 15.
cxb4 Nd4 16. Be3 b5 17. Bb3 Nxb3 18. Qxb3 a6 19. Rfc1 Qf5 20. Rc7 Bg5 21. Bxg5
Qxg5 22. Rac1 Qf5 23. Qc3 h6 24. Qd2 Rfe8 25. Qe3 Red8 26. Ra7 Rxa7 27. Qxa7
Qxd3 28. Qxa6 Qxd5 29. Re1 f5 30. a4 bxa4 31. Qxa4 Rb8 32. Rd1 Qc4 33. Rxd6 Rxb4
34. Qe8+ Kh7 35. Qg6+ Kg8 36. Rd8# 1-0

[Event "AUTO-INT-3617"]
[Site "http://www.queenalice.com/game.php?id=1636965"]
[Date "2020.12.18"]
[Round "1"]
[White "ungern"]
[Black "rferraz"]
[Result "1-0"]
[WhiteElo "1595"]
[BlackElo "1668"]

1. e4 e5 2. Nf3 Nc6 3. Nc3 Nf6 4. Bc4 Nxe4 5. Nxe4 d5 6. Bd3 dxe4 7. Bxe4 Bc5 8.
c3 O-O 9. b4 Bb6 10. Ba3 a6 11. O-O Be6 12. b5 Ne7 13. Bxb7 Ra7 14. Bc6 axb5 15.
Bxb5 Rxa3 16. Nxe5 Qd5 17. Qe2 Qc5 18. Bd3 Rxa2 19. Qh5 g6 20. Qe2 Rfa8 21. Rxa2
Rxa2 22. Nc4 Bxc4 23. Bxc4 Ra3 24. d4 Qa5 25. Qxe7 Qf5 26. Qxa3 1-0

[Event "Let's Play Chess!"]
[Site "http://www.queenalice.com/game.php?id=1644300"]
[Date "2021.2.22"]
[Round "-"]
[White "Scaracioli"]
[Black "rferraz"]
[Result "1-0"]
[WhiteElo "1726"]
[BlackElo "1654"]

1. e4 e5 2. Nf3 Nc6 3. d4 exd4 4. Nxd4 Nf6 5. Nc3 Bc5 6. Be3 Nxd4 7. Bxd4 Bxd4
8. Qxd4 O-O 9. Bd3 d6 10. O-O-O c5 11. Qe3 Ng4 12. Qg3 Ne5 13. Be2 Qf6 14. f4
Nc6 15. Nd5 Qg6 16. Qxg6 fxg6 17. Bb5 Bg4 18. Rd2 Rae8 19. Re1 a6 20. Bxc6 bxc6
21. Nc7 Rc8 22. Nxa6 Rf6 23. g3 Ra8 24. e5 dxe5 25. fxe5 Rf5 26. Nxc5 Rxa2 27.
Kb1 Ra5 28. b4 Rb5 29. c3 Kf7 30. e6+ Ke7 31. Rd7+ Ke8 32. Rxg7 1-0

[Event "Let's Play Chess!"]
[Site "http://www.queenalice.com/game.php?id=1644302"]
[Date "2021.2.22"]
[Round "-"]
[White "rferraz"]
[Black "Scaracioli"]
[Result "1-0"]
[WhiteElo "1633"]
[BlackElo "1747"]

1. d4 d5 2. c4 dxc4 3. Nf3 b5 4. e4 Bb7 5. Nbd2 e6 6. Be2 h6 7. O-O Be7 8. Qc2
Nc6 9. b3 Nxd4 10. Nxd4 Qxd4 11. Bb2 Qd8 12. bxc4 bxc4 13. Bxc4 Nf6 14. Rfd1 O-O
15. Nf3 Nd7 16. Ne5 Bd6 17. Nxd7 Bxh2+ 18. Kxh2 Qh4+ 19. Kg1 Rfd8 20. Qc3 Bxe4
21. Qxg7# 1-0

[Event "Let's Play Chess!"]
[Site "http://www.queenalice.com/game.php?id=1644412"]
[Date "2021.2.26"]
[Round "-"]
[White "Scaracioli"]
[Black "rferraz"]
[Result "1-0"]
[WhiteElo "1759"]
[BlackElo "1641"]

1. e4 e5 2. Nf3 Nc6 3. d4 exd4 4. Nxd4 Nf6 5. Nc3 Bb4 6. f3 O-O 7. Nxc6 bxc6 8.
Bd2 a5 9. a3 Bc5 10. Bd3 Ba6 11. Bxa6 Rxa6 12. Na4 Bd4 13. c3 Be5 14. f4 Nxe4
15. Qe2 Nxd2 16. fxe5 Nb3 17. Rd1 Qh4+ 18. g3 Qxa4 19. Qxa6 Qe4+ 20. Kf2 f6 21.
Qe2 Qxe2+ 22. Kxe2 fxe5 23. Rxd7 1-0

[Event "Let's Play Chess!"]
[Site "http://www.queenalice.com/game.php?id=1644872"]
[Date "2021.2.26"]
[Round "-"]
[White "Denderlersidst"]
[Black "rferraz"]
[Result "0-1"]
[WhiteElo "1693"]
[BlackElo "1630"]

1. e4 e5 2. Qh5 Nc6 3. Bb5 Nf6 4. Qf3 Nd4 5. Qd3 Nxb5 6. Qxb5 Bd6 7. Nf3 Qe7 8.
Nc3 a6 9. Qe2 O-O 10. O-O b5 11. Nd5 Nxd5 12. c4 Nf4 13. Qd1 Nd3 14. b3 Nxc1 15.
Qxc1 Bb7 16. d3 bxc4 17. Qxc4 a5 18. a4 Ba6 19. Qc2 Rfc8 20. Rfd1 Bb4 21. Qb2 c6
22. d4 exd4 23. Qxd4 c5 24. Qe5 Qxe5 25. Nxe5 Bc3 26. Nxd7 Bxa1 27. Nb6 Rd8 28.
Rxa1 Rab8 29. Nc4 Bxc4 30. bxc4 Rb4 31. f3 Rxc4 32. h4 Rcd4 33. g4 Rd1+ 34. Rxd1
Rxd1+ 35. Kg2 c4 36. Kf2 c3 37. Ke2 c2 0-1

[Event "Let's Play 460"]
[Site "http://www.queenalice.com/game.php?id=1645058"]
[Date "2021.2.28"]
[Round "-"]
[White "digger"]
[Black "rferraz"]
[Result "1-0"]
[WhiteElo "1538"]
[BlackElo "1626"]

1. c4 e6 2. d4 b6 3. e4 Bb7 4. Nc3 Nf6 5. e5 Ne4 6. Nxe4 Bxe4 7. Nf3 Bb4+ 8. Bd2
Bxd2+ 9. Qxd2 O-O 10. Qe3 Bg6 11. O-O-O Na6 12. c5 Qc8 13. Bd3 Bxd3 14. Rxd3
bxc5 15. dxc5 Rb8 16. Rb3 Rxb3 17. axb3 Qb7 18. Rd1 Qb5 19. Rd3 Qxc5+ 20. Qxc5
Nxc5 21. Rc3 d6 22. h4 Rb8 23. exd6 cxd6 24. Nd4 g6 25. Nc6 Rxb3 26. Nxa7 Rxc3+
27. bxc3 Kg7 28. c4 Kf6 29. Kc2 Ke5 30. Kc3 Ne4+ 31. Kb4 Nxf2 32. Nc6+ Kf4 33.
Nd4 Nd3+ 34. Kc3 Nc5 35. Kb4 Kg3 36. Nb5 Nd3+ 37. Kc3 Nf4 38. Nxd6 Ne2+ 39. Kd3
Nc1+ 40. Kc2 1-0

[Event "Let's Play 461"]
[Site "http://www.queenalice.com/game.php?id=1645065"]
[Date "2021.2.28"]
[Round "-"]
[White "rferraz"]
[Black "digger"]
[Result "0-1"]
[WhiteElo "1649"]
[BlackElo "1469"]

1. d4 d5 2. c4 c6 3. cxd5 cxd5 4. Nc3 e6 5. Qa4+ Bd7 6. Qb3 b6 7. e3 Bc6 8. Bb5
Qc7 9. Bxc6+ Nxc6 10. Nf3 Nb4 11. O-O a5 12. Qa4+ Kd8 13. Nb5 Qb7 14. Bd2 Nf6
15. a3 Nd3 16. Qc2 Nc5 17. b4 axb4 18. dxc5 bxa3 19. Rxa3 Bxc5 20. Rxa8+ Qxa8
21. Bb4 Nd7 22. Bxc5 bxc5 23. Rb1 Ke7 24. h4 h5 25. Qa2 Qxa2 0-1